00893nam a22002537a 45000010005000000030006000050050017000110080041000280200015000690400029000840500013001130820011001261000023001372450085001602600037002453000050002825050008003325200140003405210020004805210020005006500043005206500040005637000036006035508FISKH20241213124740.0241213b cb ||||| |||| 00| 0 eng d a0590569309 aFISKHbengcFISKHdFISKH aPZ8.O813 a398.22 aOsborne, Mary Pope aAmerican tall tales /cby Mary Pope Osborne : Wood engravings by Michael McCurdy aNew York : bScholastic ;c1991. a113 pages : bcolor illustrations ;c28 cm .  aZ  aA collection of tall tales about such American folk heroes as Sally Ann Thunder Ann Whirlwind, Pecos Bill, John Henry, and Paul Bunyan.8 a970 bLexile 8 aZ bRaz-Plus  aAmerican historyvJuvenile literature  aDavy CrockettvJuvenile literature  aMcCurdy, Michael eillustrator